Orquesta sinfonica de bahia blanca 1956-1988 [fotocop.] /

Guardado en:
Autor Principal: Di Cicco Gabriel
Formato: Libro
Publicado: Buenos Aires : Fundaci¢n Teatro Col¢n, 1988
Materias:
Etiquetas: Agregar Etiqueta
Sin Etiquetas, Sea el primero en etiquetar este registro!
LEADER 00512nam a22001695a 4500
001 CEM.cems010130
005 20060214000000.0
008 130507s1988##################000#0#####d
003 CEMS
082 0 4 |a F982.1 
100 1 |a Di Cicco Gabriel 
245 1 0 |a Orquesta sinfonica de bahia blanca 1956-1988 [fotocop.] / 
260 |a Buenos Aires :  |b Fundaci¢n Teatro Col¢n,  |c 1988 
300 |a 2 p. 
653 |a Bahia blanca-orquesta sinfonic 
653 |a Musica 
859 |a CEMS  |b BIB. CEMS - 11 de abril  |h F982.1  |i 25-1  |p 1635.44  |t Ej.1